[Event "Osijek op 12th"]
[Site "Osijek"]
[Date "2019.02.24"]
[Round "7.34"]
[White "Pralija, Marin"]
[Black "Juric, Ester"]
[Result "0-1"]
[WhiteElo "1693"]
[BlackElo "1557"]
[PlyCount "76"]
[EventDate "2019.02.21"]
[EventType "swiss"]
[EventRounds "7"]
[EventCountry "CRO"]
[SourceTitle "EXT 2023"]
[Source "ChessBase"]
[SourceDate "2022.10.05"]
[SourceVersion "1"]
[SourceVersionDate "2022.10.05"]
[SourceQuality "1"]

1. e4 c5 2. d3 d6 3. g3 Nf6 4. h3 g6 5. Bg2 Bg7 6. c3 Nc6 7. Ne2 e6 8. 0-0 0-0 9. Be3 Qc7 10. f4 b6 11. Nd2 Bb7 12. Nf3 Rfe8 13. Qc2 Rac8 14. Rac1 Qb8 15. Qd2 a6 16. b3 b5 17. Ne1 Ne7 18. g4 c4 19. bxc4 bxc4 20. Rb1 Qa8 21. Ng3 cxd3 22. Qxd3 d5 23. e5 Nd7 24. Nf3 Nc5 25. Bxc5 Rxc5 26. f5 exf5 27. gxf5 Nc6 28. fxg6 fxg6 29. Qe3 Rb5 30. e6 d4 31. cxd4 Nxd4 32. Qd3 Nxf3+ 33. Bxf3 Rxb1 34. Rxb1 Bxf3 35. Rf1 Bd5 36. Re1 Rxe6 37. Rxe6 Bxe6 38. Qd6 Bf7 0-1